000 01496nac a2200421 i 4500
003 EG-ScBUE
005 20241126100753.0
006 m||||fq||h 00| 0
008 150824t2005 njua f 001 0 eng d
020 _a0131246984 (pbk.)
020 _a9780131246980
040 _aEG-Sc BUE
_beng
_erda
_cEG-Sc BUE
_dEG-Sc BUE
082 0 4 _a519.5
_bMCC
_222
100 1 _aMcClave, James T.,
_eauthor.
245 1 0 _aStatistics for business and economics /
_cJames T. McClave, info tech, Inc. University of Florida, P. George Benson, Terry College of Business, University of Georgia, Terry Sincich, University of South Florida.
250 _aNinth edition
264 1 _aUpper Saddle River, NJ :
_bPearson Prentice Hall,
_c[2005]
264 4 _cc2005
300 _a1 volume (various pagings) :
_billustrations ;
_c26 cm +
_e1 CD
336 _2rdacontent
_atext
_btxt
336 _2rdacontent
_asounds
_bsnd
337 _aunmediated
_2rdamedia
_bn
337 _aaudio
_2rdamedia
_bs
338 _avolume
_bnc
_2rdacarrier
338 _acomputer disc
_bcd
_2rdacarrier
500 _aIncludes index.
500 _aPrevious ed.: 2001.
590 _aDoha
650 7 _aCommercial statistics.
_2BUEsh
650 7 _aEconomics
_xStatistical methods.
_2BUEsh
650 7 _aStatistics.
_2BUEsh
651 _2BUEsh
653 _bBUSECO
_cAugust2015
655 _vReading book
700 1 _aBenson, P. George,
_d1946-
_eauthor.
_937446
700 1 _aSincich, Terry,
_eauthor.
942 _cBB
_2ddc
999 _c1312
_d1312